Statistics for 10 Southernmost Capital Cities in Europe

Click here to take the quiz!

General Stats

  • This quiz has been taken 1,099 times
  • The average score is 7 of 10

Answer Stats

Latitude Capital City % Correct
37°97'NAthens
93%
41°09'NRome
87%
40°38'NMadrid
85%
38°07'NLisbon
84%
35°88'NValletta
77%
41°32'NTirana
58%
42°00'NSkopje
50%
41°09'NVatican City
48%
42°43'NPodgorica
38%
42°05'NAndorra la Vella
30%

Score Distribution

Percentile by Number Answered

Percent of People with Each Score

Your Score History

You have not taken this quiz